LDR 00990naa#a2200289#i#450# 001 EN\\bibl\124934 005 20260605150106.5 011 ## _a1019-8946 100 ## _a20260603b2026####ek#y0engy0150####ca 101 0# _aRUS 102 ## _aRU 200 1# _aEfficacy of Polyethyleneimine-Based Complexes and Nanocomposites against Mold Fungi in Food Industry Facilities _eJournal article 210 1# _aKemerovo _cKemerovo State University _d2026 215 ## _a8 с. 608 ## _aJournal article _2local 675 ## _aСельское хозяйство. Лесное хозяйство. Охота. Рыбное хозяйство. 63 _zRUS 700 #1 _aYushina _gYuliya K. 700 #1 _aMahova _gAnzhelika A. 700 #1 _aZaiko _gElena V. 700 #1 _aGrudistova _gMariya A. 700 #1 _aBataeva _gDagmara S. 700 #1 _aSemenova _gAnastasia A. 700 #1 _aRogov _gGrigory N. 700 #1 _aYaroslavov _gAlexander A. 700 #1 _aZezin _gAlexey A. 700 #1 _aKlimov _gDmitry I. 856 4# _anaukaru.ru _u